enchanted April (Record no. 13190)
[ view plain ]
| 000 -LEADER | |
|---|---|
| fixed length control field | 00352 a2200109 4500 |
| 245 ## - TITLE STATEMENT | |
| Title | enchanted April |
| Medium | |
| 260 ## - PUBLICATION, DISTRIBUTION, ETC. | |
| Place of publication, distribution, etc. | enk |
| Name of publisher, distributor, etc. | Hamilton |
| Date of publication, distribution, etc. | 1973 |
| 084 ## - | |
| -- | PZ3.R9158 En5 |
| 300 ## - PHYSICAL DESCRIPTION | |
| Extent | 221 p. 21 cm. |
| Other physical details | 221 p. 21 cm. |
| Dimensions | 221 p. 21 cm. |
| 500 ## - GENERAL NOTE | |
| General note | by the author of "Elizabeth and her German garden". [Mary Annette von Arnim] |
No items available.